000 00573nam a22002297a 4500
003 UA-OsUOA
001 64259
007 ta
008 20091103b un ||||| |||| 00| 0 ukr d
100 _aЗалигін С.
090 _a821.161.2
_bЗ-24
942 _cBK
040 _aUA-OsUOA
_bukr
_cUA-OsUOA
_dUA-OsUOA
245 _aСолона падь
300 _a394 с.
955 _a3
041 _aukr
080 _a821.161.2
260 _aК.
_bДніпро
_c1976
650 7 _a82 Література. Літературознавство
_2UDC
999 _c350371
_d350371